00491 a2200181 450000100060000002000150000604000240002110000260004524000280007124500230009930000070012236200090012944000120013865000310015094200070018195201040018899900170029269940 a8516030733 cAnchieta - Itaigara aBranco, Samuel Murgel10aCarolina e o ventolpor10aCarolina e o vento a320 a2002 1aModerna 4aLiteratura infanto-juvenil cBK 00104070a88.1b88.1d2023-11-21l0o028.5 BRA CARp2846/ITAr2023-11-21 20:04:44w2023-11-21yBK c69940d69940